Responses for show #8169 - Thursday, February 27, 2020

MacKenzie Jones game 9.

Contestants

[<< previous game]

Aaron Goetsch, a law student from Macomb, Michigan

Allison Cuyjet, a software quality assurance analyst from Louisville, Kentucky

MacKenzie Jones, a program development director from Tulsa, Oklahoma (whose 8-day cash winnings total $204,808)

[next game >>]

Jeopardy! Round responses

WALLS & BRIDGES
MAGAZINES COME & GO
ANNUAL EVENTS
"D" IN AMERICAN HISTORY
(Alex: Each correct response will begin with that letter of the alphabet.)
CAST YOUR PEARLS
(Alex: Name the star for us.)
BEFORE SWINE
(Alex: Each correct response will be a word that starts with the letters "S-W-I" and come just before "swine" in the dictionary.)
    $200 22
Seoul

Allison
    $200 17
Entertainment Weekly

Aaron
    $200 1
Mary & Joseph

Allison
    $200 7
dresses

Aaron
    $200 12
Johnny Depp

Allison
    $200 27
swimming

Aaron
    $400 21
Madison County

Aaron
    $400 23
Airbnb

MacKenzie
    $400 2
Halloween

Aaron
    $400 6
Dartmouth

MacKenzie
    $400 10
Scarlett Johansson

MacKenzie
    $400 28
swift

Aaron
    $600 20
the Lego Bridge

Allison
    $600 24
Life

Aaron
    $600 13
the Boston Marathon

Allison
    $600 4
destroyers

Aaron
    $600 9
Eddie Vedder

Aaron
    $600 16
swill

Triple Stumper
    $3,000 18
the Wailing Wall

Aaron
    $800 25
Mad

Allison
    $800 14
Stonewall

Allison
    $800 3
deserters

Triple Stumper
    $800 8
(Josh) Hartnett & (Ben) Affleck

MacKenzie
    $800 29
a swindler

Allison
    $1000 19
Hadrian's Wall

Allison
    $1000 26
National Geographic

Allison
    $1000 15
Sundance

Allison
    $1000 5
(James) Denver

Aaron
    $1000 11
Basil Rathbone

Triple Stumper
    $1000 30
Swiffer

MacKenzie

Scores at the first commercial break (after clue 15):

MacKenzie Allison Aaron
$1,600 $2,800 $2,800

Scores at the end of the Jeopardy! Round:

MacKenzie Allison Aaron
$3,000 $7,200 $7,600

Double Jeopardy! Round responses

BAND EMOJIS
NATURE
WOMEN OF THE WORLD
A LITTLE ALLITERATION
I QUIT
SHAKESPEAREAN JEOPARDY!
(Alex: We want you to replace the word "Jeopardy!" in each clue.)
    $400 7
Earth, Wind & Fire

MacKenzie
    $400 15
hibernation

Allison
    $400 1
Marie Curie

Allison
    $400 29
greenhouse gases

MacKenzie
    $400 10
Wells Fargo

Aaron
    $400 24
Romeo

Allison
    $800 6
Radiohead

MacKenzie
    $800 16
dolphin

Allison
    $800 2
(Golda) Meir

Aaron
    $800 30
direct deposit

Allison
    $800 14
Emeritus

Allison
    $800 25
nunnery

MacKenzie
    $1200 4
the Gorillaz

Allison
    $3,000 17
the Great Barrier Reef

Allison
    $1200 8
Cleopatra

Allison
    $1200 23
a blueblood

MacKenzie
    $1200 13
the Metropolitan Museum of Art

MacKenzie
    $1200 28
valor

Allison
    $1600 3
3 Doors Down

MacKenzie
    $1600 18
a geode

Allison
    $4,000 9
(Allison: What is... Peru?)

Nicaragua

Allison
    $1600 21
social studies

Aaron
    $1600 11
the U.K. Ambassador to the United States

Triple Stumper
    $1600 26
shadow

Triple Stumper
    $2000 5
Hootie & the Blowfish

MacKenzie
    $2000 19
tundra

Allison
    $2000 20
(Valentina) Tereshkova

Aaron
    $2000 22
a femme fatale

Allison
    $2000 12
Graydon Carter

Triple Stumper
    $2000 27
Colossus

Allison

Scores at the end of the Double Jeopardy! Round:

MacKenzie Allison Aaron
$11,400 $21,000 $12,400

[wagering suggestions for these scores]

Final Jeopardy! Round responses

18th CENTURY AMERICA
MacKenzieWhat is Charleston?
$9,601
AaronWhat is Charleston?
$12,400
AllisonWhat is New Orleans?
$3,801
Charleston

Final scores:

MacKenzie Allison Aaron
$21,001 $17,199 $24,800
2nd place: $2,000 3rd place: $1,000 New champion: $24,800

Game dynamics:

Coryat scores:

MacKenzie Allison Aaron
$11,400 $23,200 $10,200
13 R,
0 W
25 R
(including 1 DD),
1 W
(including 1 DD)
15 R
(including 1 DD),
0 W

Combined Coryat: $44,800

The J! Archive is created by fans, for fans. The Jeopardy! game show and all elements thereof, including but not limited to copyright and trademark thereto, are the property of Jeopardy Productions, Inc. and are protected under law. This website is not affiliated with, sponsored by, or operated by Jeopardy Productions, Inc. Join the discussion at JBoard.tv.